[Event "European GP"]
[Site "Izmir TUR"]
[Date "2003.08.31"]
[Round "6"]
[White "Gurcan,S"]
[Black "Shengelia,D"]
[Result "0-1"]
[WhiteElo "2307"]
[BlackElo "2486"]

1.e4 c5 2.Nf3 d6 3.d4 cxd4 4.Nxd4 Nf6 5.Nc3 Nc6 6.Bg5 e6 7.Qd2 Be7 8.O-O-O Nxd4
9.Qxd4 a6 10.f4 O-O 11.Bc4 b5 12.Bb3 Ne8 13.Bxe7 Qxe7 14.f5 Rb8 15.Rhf1 a5
16.fxe6 fxe6 17.Rxf8+ Kxf8 18.Rf1+ Kg8 19.Nd5 Qg5+ 20.Kb1 Rb7 21.Qf2 Nf6
22.Nb6 a4 23.Nxc8 axb3 24.Nxd6 Rd7 25.Qb6 Rxd6 26.Qxd6 bxc2+ 27.Kxc2 Qxg2+
28.Kb3 Qxf1 29.Qxe6+ Kf8 30.e5 Qd3+ 31.Kb4 Nd5+ 32.Kc5 Ne7 33.b4 h5 34.a4 bxa4
35.b5 a3 36.b6 Qc2+ 37.Kb5 a2  0-1

[Event "Acropolis WGM"]
[Site "Athens GRE"]
[Date "2003.09.01"]
[Round "8"]
[White "Makropoulou,M"]
[Black "Petraki,M"]
[Result "1-0"]
[WhiteElo "2225"]
[BlackElo "2117"]

1.e4 c5 2.Nf3 d6 3.d4 cxd4 4.Nxd4 Nf6 5.Nc3 Nc6 6.Bg5 Bd7 7.Qd2 a6 8.f3 e6
9.O-O-O Be7 10.h4 h6 11.Be3 h5 12.Kb1 Rc8 13.Nxc6 Bxc6 14.Ne2 d5 15.e5 Nd7
16.f4 g6 17.Nd4 Bxh4 18.Nxc6 bxc6 19.Bxa6 Rb8 20.Qc3 Be7 21.Qxc6 O-O 22.Bb5 Qa5
23.Qxd7 Rxb5 24.Qxe7 Qc3 25.Bc1 Rc8 26.Rd2 Ra8 27.Rd3 Qa5 28.a3 Rab8 29.Rhh3 Qe1
30.Rb3 Rxb3 31.Rxb3 Rxb3 32.cxb3 Qe4+ 33.Ka2 Qxg2 34.Qd8+ Kg7 35.Qf6+ Kg8
36.Be3 Qg3 37.Bc5 h4 38.Qd8+ Kh7 39.Be7 Qxf4 40.Bf6 g5 41.Bxg5 Qxe5 42.Bxh4 Kg6
43.a4 Qf4 44.Qg8+ Kh5 45.Bg3 Qf3 46.Be5 Qf5 47.Qg7 Qf3 48.Bf6 Qf5 49.Qxf7+ Kg4
50.Qg7+ Kf3 51.Bc3 Ke2 52.Qg2+ Ke3 53.Qg1+ Ke2 54.Qe1+ Kf3 55.a5 Kf4 56.a6 Qh7
57.Qxe6 Qd3 58.a7  1-0

[Event "1st League TCh-SCG"]
[Site "Budva SCG"]
[Date "2003.09.02"]
[Round "5"]
[White "Goloshchapov,A"]
[Black "Nevednichy,V"]
[Result "1/2-1/2"]
[WhiteElo "2574"]
[BlackElo "2593"]

1.e4 c5 2.Nf3 d6 3.d4 cxd4 4.Nxd4 Nf6 5.Nc3 Nc6 6.Bg5 e6 7.Qd2 a6 8.O-O-O Bd7
9.f3 Be7 10.h4 h6 11.Be3 h5 12.Bg5 Ne5 13.f4 Neg4 14.g3 b5 15.a3  1/2-1/2

[Event "Polish Extraleague"]
[Site "Lubniewice POL"]
[Date "2003.09.02"]
[Round "4"]
[White "Szelag,M"]
[Black "Dziuba,M"]
[Result "1-0"]
[WhiteElo "2375"]
[BlackElo "2450"]

1.e4 c5 2.Nf3 Nc6 3.d4 cxd4 4.Nxd4 Nf6 5.Nc3 d6 6.Bg5 e6 7.Qd2 a6 8.O-O-O Bd7
9.f4 b5 10.Bxf6 gxf6 11.Nxc6 Bxc6 12.Qe1 Ra7 13.Bd3 Qb6 14.Kb1 h5 15.Qh4 Rh6
16.Rhe1 Qc5 17.f5 e5 18.Qh3 b4 19.Ne2 a5 20.Nc1 a4 21.Qe3 Qxe3 22.Rxe3 Rh8
23.Bc4 Rg8 24.Re2 Rg4 25.Bd5 Rc7 26.b3 Bb5 27.Nd3 a3 28.Rf2 Bxd3 29.Rxd3 Bh6
30.h3 Rg8 31.Bc4 Ke7 32.c3 bxc3 33.Rxc3 d5 34.exd5 Kd6 35.Kc2 e4 36.Re2 Re8
37.b4 Ke5 38.Bb5 Rxc3+ 39.Kxc3 Rb8 40.Bc6 e3 41.b5 Kxf5 42.d6 Ke6 43.d7 f5
44.Kd3 f4 45.Rc2 Bg5 46.Ke2 Be7 47.Rc4 Bd6 48.Rd4 f5 49.Rd3 Ke7 50.Kf3 h4
51.Ke2 Bc5 52.Rd5 Bb6 53.Rxf5 Rf8 54.Rh5 Rg8 55.Re5+ Kf6 56.Re8 Kg7 57.Bd5 Rf8
58.Re6 Rf6 59.Rxb6  1-0

[Event "ch-ROM"]
[Site "Satu Mare ROM"]
[Date "2003.09.02"]
[Round "1.2"]
[White "Moldovan,D"]
[Black "Szabo,At"]
[Result "1/2-1/2"]
[WhiteElo "2438"]
[BlackElo "2314"]

1.e4 c5 2.Nf3 Nc6 3.d4 cxd4 4.Nxd4 Nf6 5.Nc3 d6 6.Bg5 Bd7 7.Qd2 Nxd4 8.Qxd4 Qa5
9.Bd2 Bc6 10.f3 Qc5 11.Qxc5 dxc5 12.Nb5 Kd8 13.O-O-O Nd7 14.Na3 b6 15.Ba6 Kc7
16.Bf4+ e5 17.Nb5+ Bxb5 18.Bxb5 Rd8 19.Bg3 f6 20.Rd5 Bd6 21.Rhd1 Nb8 22.a4 Nc6
23.c3 g5 24.Kc2 Be7 25.Rxd8 Rxd8 26.Rxd8 Nxd8 27.Kb3 Ne6 28.Bf2 Kd6 29.Bc4 Nc7
30.Bg8 h6 31.Kc4 a6 32.b3 b5+ 33.axb5 axb5+ 34.Kd3 Na6 35.h4 Bd8 36.h5 Bb6
37.Be1 Nb8 38.Bf7 Nd7 39.g3 Ke7 40.Bd5 Kd6 41.Bd2 Nf8 42.c4 b4 43.f4 Bd8
44.Ke2 Ne6 45.Bxe6 Kxe6 46.Kf3 Be7 47.Kg4 exf4 48.gxf4 Bd6 49.Bc1 Bc7 50.Kf3 Bd8
51.Bd2 Be7 52.Kg4 Bd6 53.Bc1 Bc7 54.Bd2 Bd6  1/2-1/2

[Event "56th ch-RUS"]
[Site "Krasnoyarsk RUS"]
[Date "2003.09.05"]
[Round "3"]
[White "Yandarbiev,R"]
[Black "Lugovoi,A"]
[Result "1-0"]
[WhiteElo "2424"]
[BlackElo "2566"]

1.e4 c5 2.Nf3 d6 3.d4 cxd4 4.Nxd4 Nf6 5.Nc3 Nc6 6.Bg5 e6 7.Qd2 a6 8.O-O-O Bd7
9.f3 Be7 10.h4 h5 11.Kb1 Rc8 12.Nxc6 Bxc6 13.Bd3 b5 14.Rhe1 Qc7 15.Ne2 e5
16.Ng3 g6 17.f4 Ng4 18.f5 Qa7 19.fxg6 fxg6 20.Be2 Rd8 21.Bxg4 hxg4 22.h5 Rg8
23.Bxe7 Qxe7 24.hxg6 Rxg6 25.Rh1 Qf8 26.Rdf1 Qg8 27.Qf2 d5 28.Rh8  1-0

[Event "Polish Extraleague"]
[Site "Lubniewice POL"]
[Date "2003.09.05"]
[Round "7"]
[White "Murdzia,P"]
[Black "Przewoznik,J"]
[Result "1-0"]
[WhiteElo "2446"]
[BlackElo "2408"]

1.e4 c5 2.Nf3 d6 3.d4 cxd4 4.Nxd4 Nf6 5.Nc3 Nc6 6.Bg5 e6 7.Qd2 a6 8.O-O-O h6
9.Be3 Bd7 10.f3 Rc8 11.Kb1 Be7 12.g4 b5 13.h4 Ne5 14.Bd3 Nxd3 15.cxd3 b4
16.Nce2 e5 17.Nf5 Bxf5 18.gxf5 d5 19.d4 dxe4 20.dxe5 Qxd2 21.Rxd2 Nd7 22.f4 b3
23.axb3 Rb8 24.Nc3 Nc5 25.f6 gxf6 26.exf6 Bf8 27.Rd5 Nxb3 28.Ba7 Rd8 29.Re5+ Kd7
30.Ka2 Ra8 31.Rd1+ Kc6 32.Kxb3 Rxa7 33.Rd8 Rb7+ 34.Ka2 Bg7 35.Rxh8 Bxh8 36.Nxe4 Rb8
37.h5 Rb5 38.Re8 Bxf6 39.Nxf6 Rf5 40.Ng4 Rxh5 41.Ne5+ Kb6 42.Nxf7 Rf5 43.Re6+ Kc7
44.Nd6 Rxf4 45.Rxh6 Rf3 46.Nc4 Rf4 47.Rh7+ Kc8 48.b3  1-0

[Event "FSGM September"]
[Site "Budapest HUN"]
[Date "2003.09.06"]
[Round "1"]
[White "Szieberth,A"]
[Black "Ovsejevitsch,S"]
[Result "0-1"]
[WhiteElo "2376"]
[BlackElo "2497"]

1.e4 c5 2.Nf3 d6 3.d4 cxd4 4.Nxd4 Nf6 5.Nc3 Nc6 6.Bg5 Qb6 7.Bb5 Bd7 8.Bxf6 gxf6
9.Nf5 Rc8 10.O-O Qc5 11.Qf3 e6 12.Ng3 Be7 13.Rad1 h5 14.e5 Nxe5 15.Qxb7 Qc7
16.Qa6 Kf8 17.Nge4 d5 18.Bxd7 Qxd7 19.Qe2 Qb7 20.f4 Ng4 21.h3 Qb6+ 22.Kh1 dxe4  0-1

[Event "VII Pablo Gorbea"]
[Site "Madrid ESP"]
[Date "2003.09.06"]
[Round "6"]
[White "Alonso Fernandez,M"]
[Black "Gallardo Estrella,A"]
[Result "0-1"]
[WhiteElo "2177"]
[BlackElo "2128"]

1.e4 c5 2.Nf3 Nc6 3.d4 cxd4 4.Nxd4 Nf6 5.Nc3 d6 6.Bg5 e6 7.Qd2 a6 8.O-O-O h6
9.Bh4 Nxe4 10.Qf4 Ng5 11.Nxc6 bxc6 12.Qg3 Qb6 13.Bc4 Nh7 14.Qf3 Rb8 15.Rhe1 g5
16.Bg3 Qxb2+ 17.Kd2 Qb6 18.Rb1 Qd4+ 19.Bd3 Rxb1 20.Rxb1 Bg7 21.Qxc6+ Bd7
22.Qxd6 Qxc3+ 23.Ke2 Bf6 24.Rb8+ Bc8 25.Be4 Qc4+ 26.Kd1 Be7 27.Bc6+ Kf8 28.Qe5 Bf6
29.Rxc8+ Kg7 30.Qc7 Rxc8 31.Qxc8 Bc3  0-1

[Event "TCh-CRO"]
[Site "Rabac CRO"]
[Date "2003.09.07"]
[Round "1"]
[White "Kutuzovic,B"]
[Black "Vukelic,T"]
[Result "1/2-1/2"]
[WhiteElo "2396"]
[BlackElo "2249"]

1.e4 c5 2.Nf3 d6 3.d4 cxd4 4.Nxd4 Nf6 5.Nc3 Nc6 6.Bg5 e6 7.Qd2 Be7 8.O-O-O O-O
9.f4 Nxd4 10.Qxd4 Qa5 11.Kb1 h6 12.h4 e5 13.Qg1 exf4 14.Bxf4 Be6 15.Bd3 d5
16.exd5  1/2-1/2

[Event "V Open"]
[Site "Sants ESP"]
[Date "2003.09.07"]
[Round "9"]
[White "Vehi Bach,V"]
[Black "Garrido Fernandez,D"]
[Result "1/2-1/2"]
[WhiteElo "2416"]
[BlackElo "2234"]

1.e4 c5 2.Nf3 Nc6 3.d4 cxd4 4.Nxd4 Nf6 5.Nc3 d6 6.Bg5 e6 7.Qd2 a6 8.O-O-O Nxd4
9.Qxd4 Be7 10.f4 b5 11.Be2 Bb7 12.Bf3 Qc7 13.Bxf6 gxf6 14.f5 e5 15.Qf2 Rc8
16.Kb1 Qc5 17.Qe2 b4 18.Nd5 a5 19.c3 bxc3 20.Nxc3 Qb4 21.a3 Qb3 22.Qb5+ Qxb5
23.Nxb5 Kd7 24.Rd2 Rc5 25.Nc3 Rb8 26.Ka2 Ba6 27.Be2 Bb7 28.a4 Rbc8 29.Bb5+ Kd8
30.Re1 Bf8 31.Rd3 Ke7 32.Red1 Rd8 33.Kb3 Bh6 34.Rh3 Bf4 35.Rxh7 Rxc3+ 36.bxc3 Bxe4
37.g3 Bxf5 38.Rxf7+ Kxf7 39.gxf4 exf4 40.Kc4 Be4 41.Kd4 f5 42.Bc4+ d5 43.Bb5 Rh8  1/2-1/2

[Event "ch-Nordic"]
[Site "Aarhus DEN"]
[Date "2003.09.08"]
[Round "3"]
[White "Lie,K"]
[Black "Hansen,Cu"]
[Result "0-1"]
[WhiteElo "2440"]
[BlackElo "2618"]

1.e4 c5 2.Nf3 d6 3.d4 cxd4 4.Nxd4 Nf6 5.Nc3 Nc6 6.Bg5 Qb6 7.Nb3 e6 8.Qd2 a6
9.O-O-O Be7 10.f3 O-O 11.h4 Qc7 12.g4 b5 13.Be3 Ne5 14.Qf2 b4 15.Nb1 a5 16.g5 Nfd7
17.f4 Ng4 18.Qf3 Nxe3 19.Qxe3 Bb7 20.Rh2 Rfc8 21.Nd4 Qc5 22.Qf3 a4 23.Bh3 Qc4
24.b3 axb3 25.axb3 Qa6 26.Nxe6 Qa1 27.Qd3 Rc3 28.Qd4 fxe6 29.Bxe6+ Kh8 30.Qxb4 Rc7
31.e5 Nxe5 32.fxe5 dxe5 33.Qb6 Ba3+ 34.Kd2 Rd8+ 35.Ke2 Rxc2+ 36.Rd2 Rf8 37.Rxc2 Qxb1
38.Kd3 Qf1+ 39.Kd2 Qf4+ 40.Kc3 Qf3+ 41.Kc4 Qe4+ 42.Kc3 Rf3+ 43.Kd2 Rd3+  0-1

[Event "1st League TCh-SCG"]
[Site "Budva SCG"]
[Date "2003.09.08"]
[Round "10"]
[White "Perunovic,Mil"]
[Black "Atalik,S"]
[Result "1/2-1/2"]
[WhiteElo "2527"]
[BlackElo "2599"]

1.e4 c5 2.Nf3 d6 3.d4 cxd4 4.Nxd4 Nf6 5.Nc3 Nc6 6.Bg5 e6 7.Qd2 a6 8.O-O-O Bd7
9.f4 b5 10.Bxf6 gxf6 11.Kb1 b4 12.Nce2 Qb6 13.f5 Nxd4 14.Nxd4 e5 15.Ne2 h5
16.h4 Ke7 17.Ng3 Bh6 18.Qe2 Qe3 19.Nxh5 Bb5 20.Qxe3 Bxe3 21.Bxb5 axb5 22.Rh3 Bc5
23.Ng3 Rag8 24.Rf1 Rg4 25.h5 Be3 26.Rf3 Bf4 27.a3 Bxg3 28.Rfxg3 Rxg3 29.Rxg3 Rxh5
30.Rb3 bxa3 31.Rxb5 Rh1+ 32.Ka2 axb2 33.Kxb2 Rh7 34.Rb7+ Ke8 35.Rb6 Kd7 36.c4 Rg7
37.c5 dxc5 38.Rxf6 Ke7 39.Rc6 Rg4 40.Rxc5 Rxe4 41.g4 Kd6 42.Ra5 Rxg4 43.Ra7 f6
44.Rf7 e4 45.Rxf6+ Ke5 46.Rf8 Kf4 47.f6 Kf3 48.f7 Rf4 49.Kc3 e3 50.Kd3 Kf2
51.Rh8 Rxf7 52.Rh2+ Kf3 53.Rh3+  1/2-1/2

[Event "56th ch-RUS"]
[Site "Krasnoyarsk RUS"]
[Date "2003.09.09"]
[Round "6"]
[White "Dvoirys,S"]
[Black "Alekseev,E"]
[Result "1/2-1/2"]
[WhiteElo "2555"]
[BlackElo "2613"]

1.e4 c5 2.Nf3 d6 3.d4 cxd4 4.Nxd4 Nf6 5.Nc3 Nc6 6.Bg5 e6 7.Qd2 Be7 8.O-O-O O-O
9.f4 Nxd4 10.Qxd4 Qa5 11.Bc4 Bd7 12.Bb3 Bc6 13.Kb1 Rad8 14.Qd2 Rfe8 15.Rhe1 h6
16.Bxf6 Bxf6 17.Nd5 Qxd2 18.Nxf6+ gxf6 19.Rxd2 Kf8 20.Kc1 Ke7 21.c3 h5 22.Bd1 h4
23.Bf3 Rc8 24.Kd1 Bb5 25.Re3 b6 26.Ke1 Bc4 27.a3 Red8 28.Kf2 Rc5 29.Re1 Bb3
30.Ke3 a5 31.Rd4 d5 32.exd5 Bxd5 33.Bxd5 Rdxd5 34.Rxd5 Rxd5 35.b4 Rd7 36.a4 Rc7
37.Kd3 Kd6 38.Re4 f5 39.Rd4+ Ke7 40.Rc4 Rd7+ 41.Ke2 Rd8 42.b5 Rg8 43.Kf3 Rd8
44.Rc7+ Kf6 45.Rc6 Ke7 46.Ke2 Rg8 47.Kf2 Rd8 48.Rxb6 Rd2+ 49.Ke3 Rxg2 50.Ra6 Rxh2
51.Rxa5 h3 52.Ra8 Ra2 53.b6 h2 54.Rh8 Kd6 55.b7 Ke7 56.Kd4 Kd6 57.c4 Ke7
58.Kc5 Rxa4  1/2-1/2

[Event "FSGM September"]
[Site "Budapest HUN"]
[Date "2003.09.12"]
[Round "7"]
[White "Szieberth,A"]
[Black "Csom,I"]
[Result "0-1"]
[WhiteElo "2376"]
[BlackElo "2455"]

1.e4 c5 2.Nf3 d6 3.d4 cxd4 4.Nxd4 Nf6 5.Nc3 Nc6 6.Bg5 e6 7.Qd2 a6 8.O-O-O h6
9.Be3 Bd7 10.f3 Qc7 11.Kb1 Na5 12.g4 b5 13.Bd3 Nc4 14.Bxc4 Qxc4 15.h4 g6
16.g5 hxg5 17.Bxg5 Nh5 18.Rhe1 f6 19.Be3 b4 20.Na4 Rb8 21.b3 Qc7 22.f4 e5
23.Ne2 Bc6 24.fxe5 dxe5 25.Nc5 Rb5 26.Ne6 Qc8 27.Nxf8 Rxf8 28.c4 Rb7 29.Bh6 Rh8
30.Qc1 Kf7 31.Rd6 Rd8 32.Red1 Bxe4+ 33.Ka1 Rbd7 34.Rxd7+ Rxd7 35.Rxd7+ Qxd7
36.Qd2 Qd3 37.Qxd3 Bxd3 38.Nc1 Bf1 39.Bd2 Nf4 40.Bxb4 Ng2 41.Kb2 Nxh4 42.Kc3 g5
43.Nd3 g4 44.Nc5 g3 45.Nxa6 Nf3  0-1

[Event "56th ch-RUS"]
[Site "Krasnoyarsk RUS"]
[Date "2003.09.12"]
[Round "9"]
[White "Tseshkovsky,V"]
[Black "Lugovoi,A"]
[Result "1-0"]
[WhiteElo "2538"]
[BlackElo "2566"]

1.e4 c5 2.Nf3 d6 3.d4 cxd4 4.Nxd4 Nf6 5.Nc3 Nc6 6.Bg5 e6 7.Qd2 a6 8.O-O-O Bd7
9.f4 h6 10.Bh4 g5 11.fxg5 Ng4 12.Be2 Nge5 13.Nf3 Be7 14.Rhf1 hxg5 15.Bg3 b5
16.Qe3 f6 17.Nd5 Nf7 18.Nxe7 Qxe7 19.h4 gxh4 20.Bxh4 e5 21.g3 Rh6 22.Kb1 Be6
23.Nh2 Qc7 24.c3 b4 25.Ng4 bxc3 26.Qxc3 Bxg4 27.Bxg4 Qb7 28.Be6 Ne7 29.Qc2 Ng5
30.Bxg5 fxg5 31.Rxd6  1-0

[Event "FSIM September"]
[Site "Budapest HUN"]
[Date "2003.09.13"]
[Round "8"]
[White "Szabo,K"]
[Black "Madl,I"]
[Result "0-1"]
[WhiteElo "2277"]
[BlackElo "2361"]

1.e4 c5 2.Nf3 d6 3.d4 Nf6 4.Nc3 cxd4 5.Nxd4 Nc6 6.Bg5 e6 7.Qd2 a6 8.O-O-O Be7
9.f4 Nxd4 10.Qxd4 b5 11.Bxf6 gxf6 12.Kb1 Qc7 13.Qe3 Bd7 14.Bd3 h5 15.f5 b4
16.fxe6 fxe6 17.Ne2 Qc5 18.Qh3 e5 19.Qf3 Bg4 20.Qf1 h4 21.h3 Be6 22.Nc1 a5
23.Nb3 Qc7 24.Nd2 Rc8 25.b3 Rg8 26.Bc4 Qc5 27.Rc1 Bxc4 28.Nxc4 a4 29.Rd1 axb3
30.cxb3 Ra8 31.Rd3 Rg3 32.Rxg3 hxg3 33.Qe2 Qf2 34.Qxf2 gxf2 35.Nb6 Rb8 36.Nd5 f5
37.exf5 Bh4 38.Rf1 Kd7 39.Kc2 Kc6 40.Ne3 e4 41.f6 d5 42.Nf5 Bxf6 43.Rxf2 Ra8
44.Kd1 d4 45.g4 Be5 46.g5 Kd5 47.g6 e3 48.Rg2 Ke4 49.Ne7 d3 50.Rg4+ Kf3 51.Nd5 e2+
52.Ke1 Rxa2  0-1

[Event "FSIM September"]
[Site "Budapest HUN"]
[Date "2003.09.16"]
[Round "11"]
[White "Gorgs,A"]
[Black "Gonda,L"]
[Result "1-0"]
[WhiteElo "2188"]
[BlackElo "2449"]

1.e4 c5 2.Nf3 Nc6 3.d4 cxd4 4.Nxd4 Nf6 5.Nc3 d6 6.Bg5 e6 7.Qd2 a6 8.O-O-O Nxd4
9.Qxd4 Be7 10.f4 b5 11.Be2 Rb8 12.Bxf6 gxf6 13.Bf3 Qb6 14.Qd2 h5 15.Kb1 a5
16.Ne2 b4 17.Nd4 Bb7 18.Rhe1 a4 19.Be2 Kf8 20.Bc4 Ba6 21.Bxa6 Qxa6 22.Re3 Qb6
23.Qe2 Rc8 24.Rh3 Rc5 25.f5 e5 26.Rxh5 Rxh5 27.Qxh5 Ke8 28.Ne6 Rc4 29.Ng7+  1-0

[Event "Saipa Cup"]
[Site "Tehran IRI"]
[Date "2003.09.16"]
[Round "4"]
[White "Kayumov,S"]
[Black "Guliev,L"]
[Result "0-1"]
[WhiteElo "2479"]
[BlackElo "2369"]

1.e4 c5 2.Nf3 Nc6 3.d4 cxd4 4.Nxd4 Nf6 5.Nc3 d6 6.Bg5 e6 7.Qd2 a6 8.O-O-O h6
9.Be3 Bd7 10.f4 Qc7 11.Kb1 b5 12.Bd3 Be7 13.h3 Nxd4 14.Bxd4 b4 15.Ne2 e5
16.Be3 Rd8 17.Qe1 O-O 18.g4 d5 19.fxe5 Nxe4 20.Bd4 Bc5 21.Bxe4 dxe4 22.Bxc5 Qxc5
23.g5 hxg5 24.Qg3 Bb5 25.Nc1 Rxd1 26.Rxd1 Re8 27.Qxg5 Qxe5 28.Qe3 Qh5 29.Rg1 g6
30.Nb3 Qf3 31.Qg5 e3 32.Nd4 Qf2 33.a4 e2 34.Nxe2 Bxe2 35.Rc1 Qe3 36.Qd5 Qe4
37.Qb3 Bc4 38.Qg3 Qe3  0-1

[Event "GRE-GEO Match w"]
[Site "Athens GRE"]
[Date "2003.09.19"]
[Round "2"]
[White "Makropoulou,M"]
[Black "Matnadze,A"]
[Result "1/2-1/2"]
[WhiteElo "2225"]
[BlackElo "2386"]

1.e4 c5 2.Nf3 d6 3.d4 cxd4 4.Nxd4 Nf6 5.Nc3 Nc6 6.Bg5 Bd7 7.Qd2 Rc8 8.O-O-O Nxd4
9.Qxd4 Qa5 10.Be3 a6 11.f3 e5 12.Qb6 Qxb6 13.Bxb6 Be7 14.g4 Be6 15.h4 O-O
16.Rd2 Rc6 17.Be3 b5 18.Nd5 Bxd5 19.exd5 Rc7 20.Kb1 Nd7 21.g5 Rb7 22.h5 Bd8
23.Bh3 Bb6 24.Bxd7 Bxe3 25.Bc6 Rc7 26.Rg2 Rfc8 27.Rd1 Kf8 28.Rd3 Bf4 29.Ra3 Rxc6
30.dxc6 Rxc6 31.Rb3 Ke7 32.a4 Rc5 33.axb5 axb5 34.Ra3 g6 35.h6 Rd5 36.Ra8 Rd1+
37.Ka2 Rf1 38.Rh8 Rxf3 39.Rxh7 e4 40.Rh8 e3 41.Rb8 Rf2 42.Rg1 e2 43.h7 Be5
44.Re1 Rh2 45.Rxb5 Ke6 46.Rxe2 Rxh7 47.c4 Rh5 48.c5 dxc5 49.Rxc5  1/2-1/2

[Event "EYb16"]
[Site "Budva YUG"]
[Date "2003.09.19"]
[Round "6"]
[White "Balogh,C"]
[Black "Czarnota,P"]
[Result "1-0"]
[WhiteElo "2463"]
[BlackElo "2353"]

1.e4 c5 2.Nf3 d6 3.d4 cxd4 4.Nxd4 Nf6 5.Nc3 Nc6 6.Bg5 e6 7.Qd2 a6 8.O-O-O Bd7
9.f3 Qc7 10.Kb1 Be7 11.Be3 O-O 12.g4 Nxd4 13.Bxd4 b5 14.g5 Nh5 15.Bh3 b4
16.Ne2 Bb5 17.Ng3 Nxg3 18.hxg3 e5 19.Bf5 h6 20.Be3 Bd7 21.gxh6 g6 22.Bxd7 Qxd7
23.h7+ Kh8 24.Bc5 a5 25.Bxd6 Bxd6 26.Qxd6 Qxd6 27.Rxd6 a4 28.Rb6 Rfb8 29.Rxb8+ Rxb8
30.Kc1 b3 31.axb3 axb3 32.Rh2 Rb6 33.Kd2 Rf6 34.Rf2 bxc2 35.Kxc2 Kxh7 36.b4 Kg7
37.Kb3 Kf8 38.b5 Ke7 39.Kb4 Kd7 40.Rd2+ Kc7 41.Rd3 Re6 42.Kc5 g5 43.Ra3 g4
44.Ra7+ Kc8 45.Rxf7  1-0

[Event "EYb18"]
[Site "Budva YUG"]
[Date "2003.09.19"]
[Round "6"]
[White "Nemeth,Mi"]
[Black "Gerzhoy,L"]
[Result "1/2-1/2"]
[WhiteElo "2285"]
[BlackElo "2410"]

1.e4 c5 2.Nf3 d6 3.d4 cxd4 4.Nxd4 Nf6 5.Nc3 Nc6 6.Bg5 Qb6 7.Nb3 e6 8.Bd3 Be7
9.Be3 Qc7 10.O-O a6 11.f4 b5 12.Qf3 Bb7 13.Qh3 Nb4 14.Rae1 Nxd3 15.cxd3 O-O
16.Rc1 Qd7 17.Na5 Rac8 18.Nxb7 Qxb7 19.f5 b4 20.Ne2 e5 21.g4 h6 22.g5 hxg5
23.Bxg5 d5 24.Ng3 Rxc1 25.Rxc1 Rc8 26.Rxc8+ Qxc8 27.Qg2 dxe4 28.dxe4 Qc5+
29.Kh1 Ng4 30.Bxe7 Qf2  1/2-1/2

[Event "TCh-FIN 2003-4"]
[Site "Finland FIN"]
[Date "2003.09.20"]
[Round "1"]
[White "Nyysti,S"]
[Black "Molander,R"]
[Result "0-1"]
[WhiteElo "2399"]
[BlackElo "2324"]

1.e4 c5 2.Nf3 d6 3.d4 cxd4 4.Nxd4 Nf6 5.Nc3 Nc6 6.Bg5 e6 7.Qd2 a6 8.O-O-O Bd7
9.f3 h6 10.Be3 Rc8 11.Nxc6 Bxc6 12.Kb1 b5 13.Ne2 Qc7 14.Nd4 Bb7 15.g4 e5
16.Bxb5+ axb5 17.Nxb5 Qc4 18.Nxd6+ Bxd6 19.Qxd6 Qxc2+ 20.Ka1 Qc7 21.Qb4 Qe7
22.Rd6 O-O 23.g5 hxg5 24.Bxg5 Rc6 25.Rhd1 Rfc8 26.a3 Rxd6 27.Qxd6 Qxd6 28.Rxd6 Rc6
29.Rxc6 Bxc6 30.b4 Ne8 31.Kb2 Ba4 32.Bc1 Kf8 33.f4 f6 34.fxe5 fxe5 35.Kc3 Nd6
36.b5 Bxb5 37.Kb4 Ke7 38.a4 Bd3 39.Kc5 Bxe4 40.a5 Nc8 41.Bb2 Ke6 42.Bc3 g6
43.Bb2 Bb7 44.Bc3 Kf5 45.Bb2 Kf4 46.Kc4 e4 47.Bc1+ Kf3 48.Kd4 Ba6 49.Ke5 e3
50.Kf6 Bd3 51.h4 Nd6 52.a6 Nc8 53.Kg5 e2 54.Bd2 Kf2 55.Kh6 e1=Q 56.Bxe1+ Kxe1
57.h5 gxh5 58.Kxh5 Ke2 59.a7 Nxa7 60.Kg5 Ke3 61.Kf6 Nc6 62.Ke6 Kd4 63.Kd6 Be4
64.Ke6 Bd5+ 65.Kf5 Nb4 66.Kf4 Be4 67.Kg3 Nd3 68.Kg4 Ke5  0-1

[Event "TCh-FIN 2003-4"]
[Site "Finland FIN"]
[Date "2003.09.20"]
[Round "1"]
[White "Kokkila,T"]
[Black "Pulkkinen,K"]
[Result "1/2-1/2"]
[WhiteElo "2305"]
[BlackElo "2314"]

1.e4 c5 2.Nf3 d6 3.d4 cxd4 4.Nxd4 Nf6 5.Nc3 Nc6 6.Bg5 e6 7.Qd2 a6 8.O-O-O Bd7
9.f3 Rc8 10.Kb1 Be7 11.Nxc6 Rxc6 12.h4 h6 13.Be3 h5 14.Ne2 e5 15.Ng3 g6 16.Bg5 Be6
17.Bd3 Nd7 18.Ne2 b5 19.g3 Nb6 20.Bxe7 Qxe7 21.f4 Bg4 22.Rde1 O-O 23.Nc3 Rc5
24.Rhf1 Rfc8 25.f5 Rxc3 26.bxc3 Na4 27.fxg6 Nxc3+ 28.Kb2 fxg6 29.Qg5 Qe6
30.Rf6 Qxa2+ 31.Kc1 Qa1+ 32.Kd2 Nxe4+ 33.Bxe4 Qc3+ 34.Kc1 Qxe1+ 35.Kb2 Qb4+
36.Kc1 Qe1+  1/2-1/2

[Event "EYg18"]
[Site "Budva YUG"]
[Date "2003.09.21"]
[Round "8"]
[White "Bednikova,S"]
[Black "Papadopoulou,V"]
[Result "0-1"]
[WhiteElo "2171"]
[BlackElo "2211"]

1.e4 c5 2.Nf3 d6 3.Nc3 Nf6 4.d4 cxd4 5.Nxd4 Nc6 6.Bg5 e6 7.Qd2 a6 8.O-O-O Bd7
9.Nxc6 Bxc6 10.f3 Qc7 11.g4 O-O-O 12.Be3 Be7 13.Qf2 Nd7 14.f4 Kb8 15.f5 Rc8
16.Bd4 Bf6 17.Rg1 Rhd8 18.g5 Bxd4 19.Rxd4 Ne5 20.f6 Rg8 21.fxg7 Rxg7 22.Rg3 Rcg8
23.Qd2 h6 24.gxh6 Rxg3 25.hxg3 Nf3 26.h7 Rh8 27.Qh6 Nxd4 28.Qg7 Qd8 29.Qxd4 Rxh7
30.Qe3 Qf6 31.Be2 Qe5 32.Qg1 Rh3 33.Qf1 Qg5+ 34.Kb1 Rxg3 35.Qxf7 Rg1+ 36.Bd1 Qd2
37.a3 Rxd1+ 38.Nxd1 Qxd1+ 39.Ka2 Bxe4 40.Qf8+ Ka7 41.Qf2+ b6 42.Qf7+ Bb7
43.c4 e5 44.Qd7 e4 45.a4 Qd3 46.Qf7 d5 47.a5 Qxc4+ 48.Kb1 bxa5 49.Qf2+ d4
50.Qd2 Qd3+ 51.Qxd3 exd3 52.b4 axb4 53.Kc1 Be4 54.Kd2 b3 55.Kd1 b2 56.Kd2 a5  0-1

[Event "Osen II"]
[Site "Alushta UKR"]
[Date "2003.09.28"]
[Round "3"]
[White "Rogovski,V"]
[Black "Kovalev,A"]
[Result "1/2-1/2"]
[WhiteElo "2474"]
[BlackElo "2554"]

1.e4 c5 2.Nf3 Nc6 3.d4 cxd4 4.Nxd4 Nf6 5.Nc3 d6 6.Bg5 e6 7.Qd2 Be7 8.O-O-O O-O
9.f4 Nxd4 10.Qxd4 Qa5 11.Bc4 Bd7 12.e5 dxe5 13.fxe5 Bc6 14.Bd2 Nd7 15.Nd5 Qc5
16.Nxe7+ Qxe7 17.Rhe1 Rfd8 18.Qg4 Nf8 19.Bd3 Rd5 20.Bb4 Qd8 21.Bd6 Qa5 22.Kb1 Ng6
23.Qg3 Rc8 24.h4 Qd8 25.Rh1 Bb5 26.Be4 Rxd1+ 27.Rxd1 Bc6 28.Bxc6 Rxc6 29.h5 Nh4
30.Qf2 h6 31.g4 Rc4 32.Rf1 f5 33.exf6 Qxf6 34.Qe2 Re4 35.Rxf6 Rxe2 36.Rf8+ Kh7
37.b3 Re4 38.Rf7 b5 39.Rxa7 Rxg4 40.a4 Nf5 41.Be5 bxa4 42.Rxa4 Rg5 43.Ra6 Rxh5
44.b4 Rg5 45.Bc7 h5 46.Rxe6 h4 47.Re1 h3 48.Bd6 Ng3 49.Kb2 h2 50.Bxg3 Rxg3
51.Rh1 Rh3 52.b5 g5 53.b6 Kg6  1/2-1/2

[Event "Osen II"]
[Site "Alushta UKR"]
[Date "2003.09.28"]
[Round "3"]
[White "Pavlov,Ma"]
[Black "Bakre,T"]
[Result "1-0"]
[WhiteElo "2443"]
[BlackElo "2434"]

1.e4 c5 2.Nf3 d6 3.d4 cxd4 4.Nxd4 Nf6 5.Nc3 Nc6 6.Bg5 Bd7 7.Qd2 Nxd4 8.Qxd4 Qa5
9.Bd2 Rc8 10.O-O-O a6 11.Kb1 Qc5 12.Qxc5 Rxc5 13.f3 Rc8 14.g4 h6 15.Be3 Bc6
16.h4 e6 17.Bh3 Nd7 18.g5 g6 19.Bd4 Rh7 20.f4 hxg5 21.hxg5 Rh5 22.Bg4 Rxh1
23.Rxh1 b5 24.a3 Bb7 25.Re1 Be7 26.Bg7 Rc5 27.Rh1 Bf8 28.Rh8 Ke7 29.Bf6+ Nxf6
30.gxf6+ Ke8 31.Rh7 Bc8 32.Kc1 d5 33.e5 Rc4 34.Ne2 a5 35.Kd2 b4 36.b3 Rc7
37.axb4 Bxb4+ 38.c3 Bc5 39.Nc1 Bb6 40.Be2 Bc5 41.Bb5+ Bd7 42.Rh8+ Bf8 43.Bxd7+ Rxd7
44.Ne2 a4 45.bxa4 Ra7 46.Nd4  1-0

[Event "ECC"]
[Site "Rethymnon GRE"]
[Date "2003.09.28"]
[Round "1"]
[White "Joachim,S"]
[Black "Oberweis,P"]
[Result "1-0"]
[WhiteElo "2438"]
[BlackElo "2183"]

1.e4 c5 2.Nf3 d6 3.d4 cxd4 4.Nxd4 Nf6 5.Nc3 Nc6 6.Bg5 e6 7.Qd2 a6 8.O-O-O h6
9.Be3 Nxd4 10.Bxd4 b5 11.Qe3 Bd7 12.e5 dxe5 13.Qxe5 Be7 14.Be2 b4 15.Ne4 Nxe4
16.Qxe4 O-O 17.Bd3 f5 18.Qe2 Qc7 19.Bc4 Kh8 20.Bxe6 Bg5+ 21.Kb1 Rae8 22.Qc4 Qxc4
23.Bxc4 Be6 24.Bxe6 Rxe6 25.Rhe1 Rfe8 26.Rxe6 Rxe6 27.c3 bxc3 28.Bxc3 Bf6
29.Bxf6 Rxf6 30.Kc2 Rc6+ 31.Kb3 Rb6+ 32.Ka3 Rg6 33.g3 Re6 34.Rd2 Kh7 35.b4 f4
36.gxf4 Re4 37.Ka4 Rxf4 38.Ka5 Rf6 39.a4 Kg6 40.b5 axb5 41.axb5 Rf3 42.b6 Ra3+
43.Kb4 Ra1 44.Rb2  1-0

[Event "ECC"]
[Site "Rethymnon GRE"]
[Date "2003.10.01"]
[Round "4"]
[White "Laihonen,P"]
[Black "Walek,M"]
[Result "1-0"]
[WhiteElo "2260"]
[BlackElo "2332"]

1.e4 c5 2.Nf3 d6 3.d4 cxd4 4.Nxd4 Nf6 5.Nc3 Nc6 6.Bg5 e6 7.Qd2 a6 8.O-O-O Bd7
9.f4 h6 10.Bh4 Nxe4 11.Nxe4 Qxh4 12.Nf3 Qe7 13.Nxd6+ Qxd6 14.Qxd6 Bxd6 15.Rxd6 Ke7
16.Rd2 Rhc8 17.g3 Rc7 18.Bg2 Rac8 19.Kb1 Be8 20.Re1 Kf8 21.Ne5 Nb4 22.c3 f6
23.a3 fxe5 24.axb4 exf4 25.gxf4 Bg6+ 26.Kc1 Bf5 27.Rd6 Re8 28.Rb6 Ree7 29.Re5 Kf7
30.b5 Rc4 31.Rxf5+ Kg6 32.Re5 Rxf4 33.Rbxe6+ Rxe6 34.Rxe6+ Kg5 35.Re7 Kf6
36.Rxb7 axb5 37.Rb6+ Ke7 38.h3 Rf2 39.Bc6 Rh2 40.Rb7+ Kf6 41.Bd7  1-0

[Event "ECC"]
[Site "Rethymnon GRE"]
[Date "2003.10.02"]
[Round "5"]
[White "Walek,M"]
[Black "Oberweis,P"]
[Result "1-0"]
[WhiteElo "2332"]
[BlackElo "2183"]

1.e4 c5 2.Nf3 d6 3.d4 cxd4 4.Nxd4 Nf6 5.Nc3 Nc6 6.Bg5 e6 7.Qd2 a6 8.O-O-O h6
9.Bf4 Bd7 10.Nxc6 Bxc6 11.f3 d5 12.Qe1 Bb4 13.a3 Bxc3 14.Qxc3 Rc8 15.Qe1 O-O
16.Kb1 Qb6 17.e5 Nd7 18.Qg3 Ba4 19.Bd3 Qc7 20.Bxh6 Bxc2+ 21.Ka1 Qxe5 22.f4 Qf6
23.Bg5 Bxd1 24.Rxd1  1-0